| 000 | 00677cam a22002293a 4500 | ||
|---|---|---|---|
| 001 | 18457 | ||
| 003 | PGUSA | ||
| 005 | 20140828083407.0 | ||
| 008 | 060527s2006||||xxu|||||s|||||000 | eng d | ||
| 040 |
_aPGUSA _beng |
||
| 042 | _adc | ||
| 050 | 4 | _aPQ | |
| 100 | 1 |
_aPirandello, Luigi, _d1867-1936 |
|
| 245 | 1 | 0 |
_aSei personaggi in cerca d'autore _h[electronic resource] / _cLuigi Pirandello |
| 260 |
_bProject Gutenberg, _c2006 |
||
| 506 | _aPublic domain in the USA. | ||
| 516 | _aElectronic text | ||
| 653 | _aCharacters and characteristics in literature -- Drama | ||
| 830 | 0 |
_aProject Gutenberg _v18457 |
|
| 856 | 4 | 0 | _uhttp://www.gutenberg.org/ebooks/18457 |
| 942 | _cEB | ||
| 999 |
_c247712 _d247712 |
||